Normal view
MARC view
- Control System MS-Thesis.
Entry Topical Term
001 - CONTROL NUMBER
- control field: 29489
003 - CONTROL NUMBER IDENTIFIER
- control field: NUST
005 - DATE AND TIME OF LATEST TRANSACTION
- control field: 20200827100214.0
008 - FIXED-LENGTH DATA ELEMENTS
- fixed length control field: 200827|| aca||aabn | a|a d
040 ## - CATALOGING SOURCE
- Original cataloging agency: NUST
- Transcribing agency: NUST
150 ## - HEADING--TOPICAL TERM
- Topical term or geographic name entry element: Control System MS-Thesis.
670 ## - SOURCE DATA FOUND
- Source citation: Work cat.: (NUST): Khan, Saeed Ahmed 29488, To Study Load Flow, Short Circuit and Transient Stability Analysis of a wind Power Plant /, 2015.
